| 000 | 00468nam a2200205Ia 4500 | ||
|---|---|---|---|
| 003 | OSt | ||
| 005 | 20251209113256.0 | ||
| 008 | 250729s1997 xx 000 0 und d | ||
| 020 | _a978-1506473864 | ||
| 040 | _cAL | ||
| 041 | _aeng | ||
| 082 | _a372.8 RAJE | ||
| 100 |
_aRaja R J _9226241 |
||
| 245 | _aEco-spirituality | ||
| 260 |
_aMangalore _c1997 |
||
| 300 | _a80p | ||
| 650 |
_aEducation _9226242 |
||
| 700 |
_aRao Digumurthi _9226243 |
||
| 942 |
_2ddc _cBED |
||
| 999 |
_c237229 _d237229 |
||